000 00689nam a2200217 i 4500
001 115084
003 ES-MaACL
005 20250707062604.0
007 t|
008 070221s1910 sp ||||1| spa d
080 _a821.133.1-32"18"
100 1 _aBaudelaire, Charles.
_926513
245 1 3 _aLa fanfarlo /
_cCarlos Baudelaire ; ilustraciones por Huidobro ; versión castellana de Luis Contreras.
260 _aMadrid :
_bEl Cuento Semanal,
_c1910.
300 _a20 p. :
_bil. ;
_c26 cm.
490 1 _aEl cuento semanal ;
_v188
700 1 _aHuidobro, Luis,
_d1870-1936
_964668
830 0 3 _aEl cuento semanal
_v188
_9185957
852 _aES-MaACL
_jG-4446(6)
999 _c115084
_d115084